El sexenio me da risa : la historieta no oficial /

Después de El sexenio me da risa, dedicado al gobierno de Carlos Salinas de Gortari y El sexenio me da pena, centrado en el de Ernesto Zedillo, este grupo de moneros presentan El sexenio se me hace chiquito, en el que el actor principal es Vicente Fox. En el primer libro El Fisgón y Helguera analiza...

Fuld beskrivelse

Guardado en:
Bibliografiske detaljer
Hovedforfatter: El Fisgón (autor)
Andre forfattere: Helguera (autor) (autor), Meyer, Lorenzo (prólogo) (prólogo)
Format: Bog
Sprog:spansk
Udgivet: México : Grijalbo, 1994, c1994
Fag:
Tags: Tilføj Tag
Ingen Tags, Vær først til at tagge denne postø!

MARC

LEADER 00000nam^a2200000^a^4500
001 000104624
005 20250521000000.0
009 20260310093429.01
020 |a 970-05-0505-7 
037 |a Acervo ITESO - Biblioteca 
041 |a ESP 
082 |a 741. 53  |b FIS V. 1 
100 |a El Fisgón  |e (autor) 
245 1 3 |a El sexenio me da risa :  |b la historieta no oficial /  |c El Fisgón, Helguera ; pról. de L. Meyer. 
264 4 |a México :  |b Grijalbo,  |c 1994, c1994 
300 |a 198 p. 
336 |a texto  |b txt  |2 rdacontenido 
337 |a sin mediación  |b n  |2 rdamedio 
338 |a volumen  |b nc  |2 rdasoporte 
520 |a Después de El sexenio me da risa, dedicado al gobierno de Carlos Salinas de Gortari y El sexenio me da pena, centrado en el de Ernesto Zedillo, este grupo de moneros presentan El sexenio se me hace chiquito, en el que el actor principal es Vicente Fox. En el primer libro El Fisgón y Helguera analizan el sexenio presidencial de Carlos Salinas de Gortari; incluye varias caricaturas que ambos autores ya habían publicado previamente, a lo largo del período 1988-1994, en La Jornada, Siempre! y Motivos. 
545 0 |a El Fisgón (Ciudad de México, 1956) es un popular caricaturista político y artista plástico mexicano cuyo activismo político de izquierda ha marcado su trayectoria como historietista; como tal, ha denunciado los errores y los malos manejos de la administración pública y la política mexicana, con un mensaje de defensa de la democracia y de la justicia social, a través de las páginas de La Jornada y la revista El Chamuco y los hijos del averno (de la que es fundador), principalmente, así como en libros gráficos sobre temas de relevancia social. Maneja diversos estilos gráficos caracterizados por un trazo fino y limpio, acompañados por textos sustentados en una amplia documentación. Entre otros, ha sido galardonado con los premios Manuel Buendía de Periodismo Joven, del Club de Periodistas, Nacional de Periodismo de México y la Catrina, de la Feria Internacional de Libro de Guadalajara. Es fundador de la revista El Chauistle, así como de los suplementos culturales Más o menos, del periódico Unomasuno e Histerietas, de La Jornada. Es autor, entre otros, de los libros de historietas El sexenio me da risa: la historieta no oficial; Hacia un despiporre global de excelencia y calidad; Felipe de Jesús el pequeño; ¡Me lleva el TLC!: el Tratado retratado; La canallada del desafuero para principiantes; Cómo la hacen de Pemex; Narcotráfico para inocentes: el narco en México y quién lo U.S.A.; La democracia me da Peña, así como de la colección de cuentos e historietas Dulce venganza. Ha ilustrado numerosos libros infantiles. Estudioso de la historia del arte y la caricatura mexicana e internacional, ha publicado el libro Posada: mito y mitote: la caricatura política de José Guadalupe Posada y Manuel Alfonso Manilla y, con motivo del centenario del fallecimiento del primero, realizó en 2013 el mural itinerante La pesadilla de Posada. 
649 |a XX 
650 |a Jefes de Estado Mexicanos 
650 |a Políticos Mexicanos 
650 |a Caricaturas Políticas -  |z México -  |x Tema Principal 
650 |a Historietas y Caricaturas de Temas Políticos y Sociales -  |x Tema Principal 
650 |a Historietas y Caricaturas Mexicanas 
650 |a Prensa -  |z México -  |x Historia 
650 |a Periodismo Político -  |z México -  |x Historia 
650 |a Medios Impresos 
650 |a Medios de Comunicación 
650 |a Comunicación Masiva 
650 |a Comunicación Visual 
650 |a Comunicación y Política -  |z México 
650 |a Política -  |z México -  |x Historia -  |y 1988-1994 
650 |a Política -  |z México -  |x Historia -  |y Siglo XX 
650 |a México -  |x Condiciones Políticas 
650 |a Salinas de Gortari, Carlos -  |x Tema Principal 
700 |a Helguera  |e (autor) 
700 |a Meyer, Lorenzo  |e (prólogo) 
910 |a Fondo Jesús Rodríguez 
920 |a Impresos - Libros 
930 |a Fondos Especiales 
905 |a 113 
901 |a 0500040690  |b IT2  |c ESP  |u 20250521 
902 |a https://opac.biblio.iteso.mx/vufind/Record/000104624